| 000 | 01056cab a2200301 4500 | ||
|---|---|---|---|
| 001 | ABS59153 | ||
| 008 | 090401t1998 xxu||||| |||| 00| 0 eng d | ||
| 035 | _a(Sirsi) u88240 | ||
| 041 | _aeng | ||
| 100 | _aFanning, D. | ||
| 245 | _aBed plans | ||
| 260 | _c1998 | ||
| 350 | _a0 | ||
| 490 |
_aEstates Gazette _v(9834) 22 August 1998, 36-37(2) |
||
| 520 | _aDiscusses the report by healthcare analyst Laing & Buisson on residential care issues, which states that costs are rising faster than the fees paid by the local authorities for the patients. Considers consolidation among operators, sale-and-leaseback arrangements, and the expanding market. | ||
| 650 | _aCONSOLIDATION | ||
| 650 | _aCOSTS | ||
| 650 | _aDEMAND | ||
| 650 | _aEXPANSION | ||
| 650 | _aINVESTMENT | ||
| 650 | _aLOCAL AUTHORITIES FEES | ||
| 650 | _aOPERATORS | ||
| 650 | _aRESIDENTIAL CARE MARKET | ||
| 650 | _aSALE AND LEASEBACK AGREEMENT | ||
| 690 | _aPROPERTY-COMMERCIAL PROPERTY-COMMERCIAL PROPERTY FINANCE AND INVESTMENT | ||
| 942 | _n0 | ||
| 948 | _c02/09/1998 | ||
| 999 |
_c55746 _d55746 |
||